[Event "N�-LL 2006_07"]
[Site "?"]
[Date "2007.03.25"]
[Round "10"]
[White "L�ffler, Stefan"]
[Black "Volkmann, Friedrich"]
[Result "1-0"]
[WhiteElo "2414"]
[BlackElo "2411"]
[Annotator "Wiener Neustadt : Baden"]
[PlyCount "69"]
[EventDate "2007.03.27"]
[SourceDate "2007.03.27"]

1. d4 d5 2. c4 c6 3. Nf3 Nf6 4. Nc3 e6 5. Bg5 Nbd7 6. Qc2 h6 7. cxd5 hxg5 8.
dxe6 Nb6 9. exf7+ Kxf7 10. Ne5+ Kg8 11. Qb3+ Nfd5 12. e4 Be6 13. exd5 cxd5 14.
Be2 Qf6 15. a4 Rc8 16. a5 Nc4 17. Bxc4 dxc4 18. Qxb7 Rh4 19. O-O Rxd4 20. Rfe1
g4 21. Nc6 Rd2 22. Ne4 Qxb2 23. Ne7+ Bxe7 24. Qxe7 Bf7 25. Nxd2 Qxd2 26. Qxa7
c3 27. Qb7 Rf8 28. Rad1 Qa2 29. a6 Bc4 30. a7 Qxf2+ 31. Kh1 Qa2 32. Rd7 Kh8 33.
Rxg7 Bd3 34. Rxg4 Qf2 35. Qg7# 1-0

 Qg7# 1-0

[Event "N�-LL 2006_07"]
[Site "?"]
[Date "2007.03.25"]
[Round "10"]
[White "Schneider-Zinner, Harald"]
[Black "Wiedner, Robert"]
[Result "0-1"]
[WhiteElo "2331"]
[BlackElo "2162"]
[Annotator "Wiener Neustadt : Baden"]
[PlyCount "86"]
[EventDate "2007.03.27"]
[SourceDate "2007.03.27"]

1. d4 Nf6 2. Nf3 e6 3. c4 c5 4. g3 cxd4 5. Nxd4 Be7 6. Bg2 O-O 7. O-O Qc7 8. b3
a6 9. Bb2 d6 10. Nc3 Bd7 11. Rc1 Rd8 12. e3 Be8 13. a4 Nbd7 14. g4 Nf8 15. g5
N6d7 16. Nf5 Ne5 17. Nxe7+ Qxe7 18. Ne4 Bc6 19. Qd4 Bxe4 20. Qxe4 Nc6 21. f4
Nd7 22. Qc2 f6 23. gxf6 Nxf6 24. Qc3 Rd7 25. b4 Qf7 26. b5 axb5 27. axb5 Ne7
28. e4 Ng6 29. e5 Nh5 30. exd6 Ngxf4 31. Rf2 Qg6 32. Rcf1 Nd3 33. c5 Nxf2 34.
Rxf2 Nf6 35. c6 bxc6 36. bxc6 Rxd6 37. c7 Rc8 38. Qb3 Ng4 39. Ba3 Rd7 40. Re2
Rdxc7 41. Rxe6 Qf7 42. Re8+ Rxe8 43. Bd5 Re1+ 0-1

 Re1+ 0-1

[Event "N�-LL 2006_07"]
[Site "?"]
[Date "2007.03.25"]
[Round "10"]
[White "Posch, Werner"]
[Black "Minib�ck, G�nther"]
[Result "0-1"]
[WhiteElo "2167"]
[BlackElo "2332"]
[Annotator "Wiener Neustadt : Baden"]
[PlyCount "56"]
[EventDate "2007.03.27"]
[SourceDate "2007.03.27"]

1. e4 c5 2. Nc3 Nc6 3. g3 g6 4. Bg2 Bg7 5. d3 d6 6. Be3 e5 7. Qd2 Nge7 8. Bh6
Bxh6 9. Qxh6 Nd4 10. Qd2 Qa5 11. f4 Nec6 12. Nf3 Nxf3+ 13. Bxf3 Nd4 14. O-O Be6
15. fxe5 dxe5 16. Qg5 Qc7 17. Bg4 O-O 18. Rf2 Qd8 19. Qxe5 Bxg4 20. Nd5 f5 21.
exf5 Nf3+ 22. Rxf3 Bxf3 23. Ne7+ Kf7 24. Qe6+ Kg7 25. Rf1 Qd4+ 26. Rf2 Rf6 27.
Qe1 Re8 28. fxg6 Bc6 0-1

6 Bc6 0-1

[Event "N�-LL 2006_07"]
[Site "?"]
[Date "2007.03.25"]
[Round "10"]
[White "Schroll, Gerhard"]
[Black "Baumegger, Siegfried"]
[Result "1/2-1/2"]
[WhiteElo "2353"]
[BlackElo "2392"]
[Annotator "Wiener Neustadt : Baden"]
[PlyCount "20"]
[EventDate "2007.03.27"]
[SourceDate "2007.03.27"]

1. d4 d5 2. c4 e6 3. Nc3 Nf6 4. cxd5 exd5 5. Bg5 Be7 6. e3 c6 7. Qc2 Nbd7 8.
Bd3 O-O 9. Nf3 Re8 10. O-O Nf8 1/2-1/2

8 1/2-1/2

[Event "N�-LL 2006_07"]
[Site "?"]
[Date "2007.03.25"]
[Round "10"]
[White "Kummer, Helmut"]
[Black "Weinwurm, Wolfgang"]
[Result "1-0"]
[WhiteElo "2335"]
[BlackElo "2183"]
[Annotator "Schwarzatal : Bad V�slau/Kottingbrunn"]
[PlyCount "74"]
[SourceDate "2007.03.31"]

1. d4 Nf6 2. c4 g6 3. Nc3 Bg7 4. e4 d6 5. Be2 O-O 6. Bg5 Na6 7. Qd2 e5 8. d5 c6
9. f3 cxd5 10. cxd5 Bd7 11. h4 Qb6 12. Nh3 Nc5 13. g4 h5 14. Nf2 Rac8 15. Be3
a6 16. Kf1 Qd8 17. Kg2 a5 18. Bg5 Kh7 19. gxh5 gxh5 20. Rh2 Qe8 21. Rg1 Ng8 22.
Kh1 f6 23. Be3 f5 24. exf5 Bxf5 25. Nfe4 Nxe4 26. Nxe4 Bxe4 27. fxe4 a4 28.
Rhg2 Bf6 29. Bg5 Rc7 30. Qe3 Bg7 31. Qh3 Kh8 32. Be3 Bf6 33. Rg6 Rg7 34. Qf5
Rff7 35. Bxh5 Qe7 36. Rxg7 Rxg7 37. Rxg7 Qxg7 1-0

[Event "N�-LL 2006_07"]
[Site "?"]
[Date "2007.03.25"]
[Round "10"]
[White "Degen, Gerhard"]
[Black "Zojer, Thomas"]
[Result "0-1"]
[WhiteElo "2207"]
[BlackElo "2088"]
[Annotator "Schwarzatal : Bad V�slau/Kottingbrunn"]
[PlyCount "58"]
[SourceDate "2007.03.31"]

1. e4 c5 2. Nf3 Nc6 3. Bb5 Nd4 4. Nxd4 cxd4 5. O-O e6 6. d3 a6 7. Bc4 b5 8. Bb3
Bb7 9. Nd2 Bd6 10. Qg4 Nf6 11. Qh3 g5 12. a4 h5 13. g3 g4 14. Qg2 h4 15. f4
hxg3 16. hxg3 Rh3 17. Re1 Nh5 18. Nf1 Nxg3 19. Nxg3 Qh4 20. Kf2 Rh2 21. Rh1
Rxg2+ 22. Kxg2 Qf6 23. axb5 axb5 24. Rxa8+ Bxa8 25. Nh5 Qg6 26. Ng3 f5 27. Bd2
Ke7 28. Rh5 fxe4 29. dxe4 Bxe4+ 0-1

[Event "N�-LL 2006_07"]
[Site "?"]
[Date "2007.03.25"]
[Round "10"]
[White "Schandl, Johann"]
[Black "Zojer, Stefan"]
[Result "0-1"]
[WhiteElo "2014"]
[BlackElo "2118"]
[Annotator "Schwarzatal : Bad V�slau/Kottingbrunn"]
[PlyCount "82"]
[SourceDate "2007.03.31"]

1. e4 c5 2. Nf3 d6 3. d4 cxd4 4. Nxd4 Nf6 5. Nc3 a6 6. Be2 e5 7. Nf3 Be7 8. O-O
O-O 9. Bg5 Be6 10. Qd2 Nbd7 11. Rad1 Rc8 12. Bd3 Qb6 13. Rb1 Rfe8 14. h3 Qc6
15. Rbd1 b5 16. a3 Nb6 17. Rfe1 Red8 18. Bh4 Qd7 19. Kh2 Nh5 20. Ne2 Nf6 21.
Ng5 d5 22. Nxe6 Qxe6 23. Bxf6 Qxf6 24. Ng3 d4 25. Nf5 Bf8 26. Rf1 Na4 27. Rb1
g6 28. Ng3 Bd6 29. Kh1 Nc5 30. Ne2 Ne6 31. Ng1 Rc6 32. Nf3 Rdc8 33. Rbc1 Qe7
34. g3 Qc7 35. Ne1 Nc5 36. Kg2 Nxd3 37. Qxd3 Qb7 38. Nf3 a5 39. Rfe1 b4 40.
axb4 Qxb4 41. b3 Rc3 0-1

[Event "N�-LL 2006_07"]
[Site "?"]
[Date "2007.03.25"]
[Round "10"]
[White "Brehovsky, Paul"]
[Black "Ungerb�ck, G�nther"]
[Result "1/2-1/2"]
[WhiteElo "2140"]
[BlackElo "1908"]
[Annotator "Schwarzatal : Bad V�slau/Kottingbrunn"]
[PlyCount "20"]
[SourceDate "2007.03.31"]

1. d4 Nf6 2. a3 g6 3. e3 Bg7 4. Nf3 d5 5. c4 O-O 6. Nc3 c5 7. dxc5 dxc4 8. Qxd8
Rxd8 9. Bxc4 Nbd7 10. Ng5 Ne5 {Rest nicht lesbar. Remis nach 38 Zuegen} 1/2-1/2

[Event "N�-LL 2006_07"]
[Site "?"]
[Date "2007.03.25"]
[Round "10"]
[White "Svanda, Pavel"]
[Black "Hangweyrer, Manfred"]
[Result "1/2-1/2"]
[WhiteElo "2208"]
[BlackElo "2381"]
[Annotator "Waidhofen : Stockerau"]
[PlyCount "46"]
[SourceDate "2007.04.02"]

1. e4 d5 2. exd5 Nf6 3. d4 Bg4 4. Nf3 Qxd5 5. Be2 Nc6 6. c4 Qa5+ 7. Bd2 Qf5 8.
Be3 O-O-O 9. O-O e6 10. h3 h5 11. Nc3 Bxf3 12. Bxf3 Ne5 13. Bxb7+ Kxb7 14. Qb3+
Kc8 15. dxe5 Qxe5 16. Qa4 Bd6 17. g3 Ne4 18. Nxe4 Qxe4 19. Qa6+ Qb7 20. Qxa7
Qxa7 21. Bxa7 Be5 22. Be3 Bxb2 23. Rab1 Bd4 1/2-1/2

[Event "N�-LL 2006_07"]
[Site "?"]
[Date "2007.03.25"]
[Round "10"]
[White "Batyte, Daiva"]
[Black "Dietrich, Markus"]
[Result "1-0"]
[WhiteElo "2172"]
[BlackElo "1992"]
[Annotator "Waidhofen : Stockerau"]
[PlyCount "35"]
[SourceDate "2007.04.02"]

1. g3 d5 2. Bg2 Nf6 3. c4 c6 4. b3 dxc4 5. Nf3 cxb3 6. axb3 Bf5 7. Bb2 Bxb1 8.
Qxb1 e6 9. O-O Nbd7 10. d4 Be7 11. e4 O-O 12. Rd1 Qb6 13. Nd2 Rfd8 14. Qc2 Qb5
15. Bc3 b6 16. e5 Nd5 17. Bf1 Nb4 18. Qb1 1-0

[Event "N�-LL 2006_07"]
[Site "?"]
[Date "2007.03.25"]
[Round "10"]
[White "G�bert, Kurt"]
[Black "Schmid, Thomas"]
[Result "0-1"]
[WhiteElo "1992"]
[BlackElo "2117"]
[Annotator "Waidhofen : Stockerau"]
[PlyCount "78"]
[SourceDate "2007.04.02"]

1. e4 c5 2. Nc3 e6 3. g3 d5 4. d3 dxe4 5. Nxe4 Bd7 6. Be3 Bc6 7. Nf3 Nf6 8.
Ned2 Be7 9. Bg2 Nbd7 10. O-O O-O 11. Qe2 Nd5 12. Nc4 Nxe3 13. fxe3 Bf6 14. c3
Qc7 15. e4 Rad8 16. Ne3 g6 17. Ng4 Bg7 18. Rad1 Bb5 19. Qe3 f5 20. Nf2 Ne5 21.
Ng5 Rde8 22. Kh1 h6 23. Ngh3 g5 24. Rfe1 Ng6 25. Nxg5 hxg5 26. exf5 Rxf5 27.
Be4 Bc6 28. Kg1 Bxe4 29. dxe4 Rff8 30. Ng4 Ne5 31. Nxe5 Qxe5 32. Rd7 Rf7 33.
Rxf7 Kxf7 34. Rf1+ Kg8 35. Qe2 Rf8 36. Qh5 Rxf1+ 37. Kxf1 Kf8 38. Qe2 a6 39.
Qd3 Ke7 0-1

[Event "N�-LL 2006_07"]
[Site "?"]
[Date "2007.04.22"]
[Round "11"]
[White "Rumpl, Erwin"]
[Black "Gr�tz, Harald"]
[Result "1/2-1/2"]
[WhiteElo "2288"]
[BlackElo "2359"]
[Annotator "Stockerau : Amstetten"]
[PlyCount "130"]
[SourceDate "2007.04.30"]

1. Nf3 Nf6 2. g3 g6 3. b3 Bg7 4. Bb2 c5 5. c4 Nc6 6. Bg2 d6 7. O-O O-O 8. d4
cxd4 9. Nxd4 Bd7 10. Nc3 Rc8 11. e3 Qa5 12. Qe2 a6 13. a3 Qb6 14. Na4 Qc7 15.
Nxc6 Bxc6 16. Rfc1 Bxa4 17. bxa4 Rb8 18. Rab1 b6 19. c5 bxc5 20. Qxa6 Rb6 21.
Qd3 Rfb8 22. Bc3 Nd7 23. Rxb6 Qxb6 24. Bxg7 Kxg7 25. Qc3+ Kg8 26. Bf1 Ne5 27.
f4 Ng4 28. a5 Qc6 29. Be2 Nf6 30. a6 Qa4 31. Bc4 d5 32. Bf1 c4 33. Qe5 Re8 34.
g4 Qxa6 35. g5 Ng4 36. Qxd5 Qxa3 37. Re1 Nxe3 38. Qf3 Nc2 39. Qxa3 Nxa3 40. Rc1
Rb8 41. Be2 Rb3 42. Bxc4 Rb4 43. Bd3 Rxf4 44. Rc3 Ra4 45. Kf2 e5 46. Ke3 Kg7
47. Be2 Ra5 48. Bd3 Kf8 49. Rb3 Ra4 50. Rc3 Ke7 51. Rc7+ Ke6 52. Rc6+ Kd5 53.
Rc7 e4 54. Be2 Ke6 55. Bg4+ f5 56. gxf6+ Kxf6 57. Rxh7 Nc4+ 58. Kf4 Ne5 59. Be2
Ra2 60. Ke3 Kf5 61. Rh8 Ra3+ 62. Kd4 Nc6+ 63. Kd5 Nb4+ 64. Kc4 Nc2 65. Rf8+ Ke5
1/2-1/2

[Event "N�-LL 2006_07"]
[Site "?"]
[Date "2007.04.22"]
[Round "11"]
[White "Hangweyrer, Manfred"]
[Black "Mittermayr, Gerhard"]
[Result "1-0"]
[WhiteElo "2381"]
[BlackElo "2172"]
[Annotator "Stockerau : Amstetten"]
[PlyCount "53"]
[SourceDate "2007.04.30"]

1. e4 d5 2. exd5 Qxd5 3. Nf3 Bg4 4. Be2 Nf6 5. d4 c6 6. h3 Bh5 7. c4 Qa5+ 8.
Nc3 e6 9. O-O Bd6 10. d5 exd5 11. cxd5 Nxd5 12. Nxd5 Qxd5 13. Qxd5 cxd5 14. Rd1
Ke7 15. Rxd5 Bg6 16. Bg5+ f6 17. Rad1 Bc7 18. Be3 Rd8 19. Bc5+ Ke8 20. Bb5+ Nc6
21. Re1+ Be5 22. Rdxe5+ fxe5 23. Nxe5 Rd5 24. Nxc6+ Kf7 25. Ne5+ Kg8 26. Bc4
Bf7 27. Bxd5 1-0

[Event "N�-LL 2006_07"]
[Site "?"]
[Date "2007.04.22"]
[Round "11"]
[White "Wadsack, Wolfgang"]
[Black "Schmid, Thomas"]
[Result "1/2-1/2"]
[WhiteElo "2241"]
[BlackElo "2117"]
[Annotator "Stockerau : Amstetten"]
[PlyCount "90"]
[EventDate "2007.??.??"]
[SourceDate "2007.04.30"]

1. e4 c5 2. c3 d5 3. exd5 Qxd5 4. d4 Nf6 5. Nf3 Bg4 6. Be2 e6 7. h3 Bh5 8. O-O
Nc6 9. Be3 cxd4 10. cxd4 Bb4 11. a3 Ba5 12. b4 Bb6 13. Nc3 Qd6 14. Qd2 O-O 15.
Rfd1 Rfd8 16. Rac1 Qe7 17. g4 Bg6 18. Qb2 Rac8 19. Bf1 h5 20. g5 Ne4 21. Bg2
Nxc3 22. Rxc3 Be4 23. b5 Na5 24. Rdc1 Ra8 25. Qb4 Qe8 26. Ne5 Bxg2 27. Kxg2 Rd5
28. a4 Qf8 29. Qb2 Rxd4 30. Rc7 Rb4 31. Qe2 Bxc7 32. Rxc7 Qd6 33. Bc5 Qxc7 34.
Bxb4 Nb3 35. g6 fxg6 36. Nxg6 Nc5 37. Qxh5 Rc8 38. Bc3 Kf7 39. Qh7 Rg8 40. Ne5+
Kf8 41. Ng6+ Kf7 42. Ne5+ Kf8 43. Bd4 b6 44. Ng6+ Kf7 45. Ne5+ Kf8 1/2-1/2

[Event "N�-LL 2006_07"]
[Site "?"]
[Date "2007.04.22"]
[Round "11"]
[White "Schirmbeck, Hannes"]
[Black "Bachmayer, Josef"]
[Result "1-0"]
[WhiteElo "2128"]
[BlackElo "2163"]
[Annotator "Stockerau : Amstetten"]
[PlyCount "119"]
[SourceDate "2007.04.30"]

1. e4 g6 2. d4 Bg7 3. Nf3 d6 4. Nc3 Nh6 5. Bc4 c6 6. Bf4 b5 7. Bb3 a5 8. Qd2
Ng4 9. a3 h6 10. O-O Ra7 11. h3 Nf6 12. Rfe1 g5 13. Bh2 g4 14. e5 gxf3 15. exf6
Bxf6 16. Ne4 Bg5 17. Nxg5 hxg5 18. Qxg5 fxg2 19. Qg7 Rf8 20. Bf4 Bxh3 21. Bh6
Nd7 22. Qg3 Bf5 23. Bxf8 Kxf8 24. Qf3 e6 25. Qxc6 d5 26. Qd6+ Qe7 27. Qxe7+
Kxe7 28. Bxd5 Bxc2 29. Rac1 Bf5 30. Bxg2 b4 31. axb4 axb4 32. Rc4 b3 33. Be4
Bxe4 34. Rxe4 Rb7 35. Re3 Kd6 36. Rcc3 Rb4 37. Red3 Kd5 38. Rd1 Kd6 39. f3 Kd5
40. Kf2 Kd6 41. Rdd3 Kd5 42. Rc7 Kd6 43. Ra7 f6 44. Ra3 Kd5 45. Ke3 Nb6 46.
Rdxb3 Nc4+ 47. Kf4 Rxb3 48. Rxb3 Kxd4 49. Rb8 Nd6 50. Kg4 Kd5 51. Kh5 Ke5 52.
Kg6 f5 53. Rb4 Kd5 54. Rb3 Nc4 55. Kf6 f4 56. Rd3+ Kc5 57. Rc3 Kd4 58. Rxc4+
Kxc4 59. Kxe6 Kd4 60. Kf5 1-0

[Event "N�-LL 2006_07"]
[Site "?"]
[Date "2007.04.22"]
[Round "11"]
[White "Mahdy, Khaled"]
[Black "Kummer, Helmut"]
[Result "1/2-1/2"]
[WhiteElo "2368"]
[BlackElo "2335"]
[Annotator "Waidhofen : Bad V�slau/Kottingbrunn"]
[PlyCount "39"]
[SourceDate "2007.04.30"]

1. e4 e5 2. Nf3 Nc6 3. Bb5 a6 4. Ba4 Nf6 5. d3 d6 6. c3 g6 7. O-O Bg7 8. Re1
O-O 9. Nbd2 b5 10. Bc2 Bb7 11. Nf1 Nb8 12. Ng3 Nbd7 13. d4 Rc8 14. h3 d5 15.
Bg5 dxe4 16. Bxe4 Bxe4 17. Rxe4 Qe8 18. Bxf6 Bxf6 19. dxe5 Nxe5 20. a4 1/2-1/2

[Event "N�-LL 2006_07"]
[Site "?"]
[Date "2007.04.22"]
[Round "11"]
[White "Zojer, Thomas"]
[Black "Svanda, Pavel"]
[Result "1/2-1/2"]
[WhiteElo "2088"]
[BlackElo "2208"]
[Annotator "Waidhofen : Bad V�slau/Kottingbrunn"]
[PlyCount "81"]
[SourceDate "2007.04.30"]

1. d4 Nf6 2. Nf3 g6 3. c4 d5 4. Nc3 Bg7 5. cxd5 Nxd5 6. e4 Nxc3 7. bxc3 c5 8.
Be3 O-O 9. Be2 Nc6 10. O-O Qa5 11. Qb3 cxd4 12. cxd4 Bg4 13. Rad1 Qb4 14. d5
Qxb3 15. axb3 Nb4 16. Bc5 Na2 17. Bxe7 Nc3 18. Bc4 Rfe8 19. d6 Nxd1 20. Rxd1
Rxe7 21. dxe7 Bf6 22. h3 Bxf3 23. gxf3 Bxe7 24. Rd7 Kf8 25. Rxb7 a5 26. Bd5 Ra6
27. Kg2 g5 28. Kg3 Rf6 29. Rb8+ Kg7 30. Ra8 Bd6+ 31. Kg2 Bb4 32. Ra7 Bc3 33. e5
Rf5 34. Bc4 Kf8 35. Ra8+ Kg7 36. Ra7 Kf8 37. e6 fxe6 38. Bxe6 Rf6 39. Bc4 h6
40. Rb7 Rf4 41. Bd5 1/2-1/2

[Event "N�-LL 2006_07"]
[Site "?"]
[Date "2007.04.22"]
[Round "11"]
[White "Wagner, Stefan"]
[Black "Brehovsky, Paul"]
[Result "1-0"]
[WhiteElo "1986"]
[BlackElo "2140"]
[Annotator "Waidhofen : Bad V�slau/Kottingbrunn"]
[PlyCount "75"]
[SourceDate "2007.04.30"]

1. e4 e6 2. d4 d5 3. Nc3 dxe4 4. Nxe4 Nf6 5. Bg5 Nbd7 6. Nf3 Be7 7. Nxf6+ Nxf6
8. Bd3 O-O 9. Qe2 c5 10. O-O-O cxd4 11. h4 Qa5 12. Kb1 Rd8 13. Ne5 Qc7 14. Rh3
Bd7 15. Rg3 Be8 16. Bh6 Bf8 17. h5 Kh8 18. Bg5 Be7 19. Rh1 Rd5 20. Bxf6 Bxf6
21. Qe4 Kg8 22. Qxh7+ Kf8 23. Ng4 Qf4 24. Nxf6 Qxf6 25. Qh8+ Ke7 26. Qxg7 Qxf2
27. h6 Rh5 28. Rf1 Qd2 29. Qf6+ Kd6 30. Qxd4+ Rd5 31. Qf6 Bb5 32. h7 Rc8 33.
h8=Q Rxd3 34. Qhd8+ Rxd8 35. Qxd8+ Ke5 36. Rxd3 Bxd3 37. Qxd3 Qxd3 38. cxd3 1-0

[Event "N�-LL 2006_07"]
[Site "?"]
[Date "2007.04.22"]
[Round "11"]
[White "Zojer, Stefan"]
[Black "Dietrich, Markus"]
[Result "1-0"]
[WhiteElo "2118"]
[BlackElo "1992"]
[Annotator "Waidhofen : Bad V�slau/Kottingbrunn"]
[PlyCount "71"]
[SourceDate "2007.04.30"]

1. d4 d5 2. c4 e6 3. Nc3 Nf6 4. Bg5 c6 5. Nf3 Nbd7 6. e3 Qa5 7. Nd2 Bb4 8. Qc2
Ne4 9. Ndxe4 dxe4 10. Bf4 f5 11. Be2 e5 12. dxe5 Bxc3+ 13. bxc3 Nxe5 14. O-O
O-O 15. Rfd1 Qc5 16. Rd4 Be6 17. Rad1 Rae8 18. Qb2 b6 19. Qb4 Qxb4 20. cxb4 c5
21. Bxe5 cxd4 22. exd4 f4 23. d5 f3 24. gxf3 exf3 25. Bf1 Bh3 26. Bd6 Bxf1 27.
Kxf1 Rf6 28. Bg3 Rc8 29. d6 Rxc4 30. d7 Rf8 31. d8=Q Rxd8 32. Rxd8+ Kf7 33. Ke1
a5 34. bxa5 Re4+ 35. Kd1 bxa5 36. Rd3 1-0

[Event "N�-LL 2006_07"]
[Site "?"]
[Date "2007.04.22"]
[Round "11"]
[White "Degen, Gerhard"]
[Black "L�ffler, Stefan"]
[Result "0-1"]
[WhiteElo "2207"]
[BlackElo "2463"]
[Annotator "Baden : Schwarzatal"]
[PlyCount "54"]
[SourceDate "2007.05.01"]

1. e4 c5 2. Nf3 e6 3. Nc3 Nc6 4. Bb5 Nge7 5. O-O a6 6. Bxc6 Nxc6 7. d4 cxd4 8.
Nxd4 Qc7 9. a4 Be7 10. Be3 O-O 11. Qg4 Bf6 12. Rad1 d6 13. Nde2 Rd8 14. Qg3 Rb8
15. Nf4 Bxc3 16. bxc3 f6 17. Nh5 Qf7 18. Nf4 Ne5 19. Bb6 Re8 20. Rd4 Bd7 21.
Bc7 Rbc8 22. Bxd6 Nc4 23. Ne2 e5 24. Rd3 Bxa4 25. Rc1 Qe6 26. Ba3 Nxa3 27. Ra1
Bxc2 0-1

[Event "N�-LL 2006/07"]
[Site "?"]
[Date "2007.04.22"]
[Round "11"]
[White "Wetscherek, Gerald"]
[Black "Janetschek, Karl"]
[Result "1/2-1/2"]
[WhiteElo "2089"]
[BlackElo "2289"]
[Annotator "Bisamberg/Korneuburg : Zwettl"]
[PlyCount "75"]
[EventDate "2007.05.18"]
[SourceDate "2007.05.18"]

1. e4 c5 2. Nf3 e6 3. c3 Nf6 4. e5 Nd5 5. d4 cxd4 6. cxd4 b6 7. Nc3 Nxc3 8.
bxc3 d5 9. Bd3 Be7 10. h4 Qc7 11. Bd2 h6 12. h5 Nc6 13. Rh3 Na5 14. Rg3 Bf8 15.
Bb5+ Bd7 16. Qa4 Rc8 17. Nh2 Bxb5 18. Qxb5+ Qc6 19. a4 Nc4 20. Nf1 a5 21. Qb3
Be7 22. Rb1 Nxd2 23. Nxd2 Bg5 24. Qxb6 Qxa4 25. Qb5+ Qxb5 26. Rxb5 Ra8 27. c4
Bxd2+ 28. Kxd2 dxc4 29. Ra3 O-O 30. Raxa5 Rxa5 31. Rxa5 Rb8 32. Ke2 f6 33. f4
fxe5 34. dxe5 Rb3 35. Ra8+ Kf7 36. Ra7+ Kf8 37. Ra8+ Kf7 38. Ra7+ 1/2-1/2

[Event "N�-LL 2006/07"]
[Site "?"]
[Date "2007.04.22"]
[Round "11"]
[White "Lipp, Alfred"]
[Black "Kretschy, Erich"]
[Result "1/2-1/2"]
[WhiteElo "2174"]
[BlackElo "1945"]
[Annotator "Bisamberg/Korneuburg : Zwettl"]
[PlyCount "98"]
[EventDate "2007.05.18"]
[SourceDate "2007.05.18"]

1. c4 Nf6 2. Nc3 e6 3. d4 Bb4 4. e3 c5 5. Bd3 Nc6 6. Nf3 d5 7. O-O cxd4 8. exd4
dxc4 9. Bxc4 O-O 10. Bg5 Be7 11. Qd2 Nd5 12. Bxe7 Ncxe7 13. Rad1 b6 14. Ne4 h6
15. Bd3 Ng6 16. g3 Bb7 17. Ne5 Nde7 18. Bb1 Qd5 19. Ng4 f5 20. Ne3 Qd7 21. Nc3
Rad8 22. Qd3 Qc6 23. f3 Ne5 24. d5 exd5 25. Qd4 Qf6 26. f4 Nc4 27. Qxf6 gxf6
28. Nxc4 dxc4 29. Nb5 Be4 30. Bxe4 fxe4 31. Nd6 f5 32. Nxc4 Nd5 33. Kf2 Nb4 34.
Ne5 Nxa2 35. Nc6 Rde8 36. Ra1 Rf6 37. Nxa7 Nb4 38. b3 Rd6 39. Rfd1 Red8 40. Ke2
Nc2 41. Rxd6 Rxd6 42. Rd1 Rxd1 43. Kxd1 Nd4 44. b4 Kf7 45. b5 Ke6 46. Nc8 Nxb5
47. Nxb6 Nd4 48. h3 h5 49. h4 Nf3 1/2-1/2

[Event "N�-LL 2006/07"]
[Site "?"]
[Date "2007.04.22"]
[Round "11"]
[White "Kadletz, Karl"]
[Black "Stadler, Peter"]
[Result "1-0"]
[WhiteElo "2107"]
[BlackElo "2113"]
[Annotator "Bisamberg/Korneuburg : Zwettl"]
[PlyCount "101"]
[EventDate "2007.05.18"]
[SourceDate "2007.05.18"]

1. Nf3 Nf6 2. g3 g6 3. Bg2 Bg7 4. O-O O-O 5. d3 c5 6. e4 d6 7. Qe2 Nc6 8. c3 e6
9. Na3 Rb8 10. d4 cxd4 11. cxd4 d5 12. e5 Ne4 13. Be3 f6 14. exf6 Bxf6 15. Ne5
Nd6 16. Rad1 Nf5 17. Nc2 Qb6 18. Nxc6 bxc6 19. b3 Ba6 20. Qe1 Bxf1 21. Bxf1 e5
22. dxe5 Nxe3 23. Nxe3 Bxe5 24. Nc4 Qc5 25. Nxe5 Rbe8 26. Rd2 Qc3 27. Re2 Qxe1
28. Rxe1 Rf6 29. f4 g5 30. Rc1 gxf4 31. gxf4 Rxf4 32. Nxc6 Re6 33. Nxa7 Rg6+
34. Kh1 Kg7 35. Bd3 Rgf6 36. Nb5 Rf2 37. Rg1+ Kf8 38. a4 Rb2 39. Nd4 Rff2 40.
Rf1 Ke7 41. Rxf2 Rxf2 42. Bxh7 Rd2 43. Nc2 d4 44. Nb4 Kd6 45. h4 Rb2 46. Bg8
Rb1+ 47. Kg2 Ke5 48. Bc4 Kf4 49. Nd3+ Kg4 50. a5 Kxh4 51. Kf3 1-0

[Event "N�-LL 2006/07"]
[Site "?"]
[Date "2007.04.22"]
[Round "11"]
[White "Ganaus, Hannes"]
[Black "Knoll, Hermann"]
[Result "1-0"]
[WhiteElo "2318"]
[BlackElo "2373"]
[Annotator "P�chlarn : St.P�lten"]
[PlyCount "147"]
[EventDate "2007.05.18"]
[SourceDate "2007.05.18"]

1. d4 Nf6 2. Nf3 e6 3. e3 b6 4. Bd3 Bb7 5. O-O c5 6. c4 g6 7. d5 exd5 8. cxd5
Bg7 9. e4 d6 10. Nc3 O-O 11. Bf4 Nh5 12. Bg5 Bf6 13. Bh6 Bg7 14. Bg5 Qc7 15.
Qd2 a6 16. Bh6 b5 17. Bxg7 Kxg7 18. a4 b4 19. Nd1 Nd7 20. Ne3 Rae8 21. Nc4 Nhf6
22. Qf4 Ne5 23. Nfxe5 dxe5 24. Qh4 Qe7 25. f3 Nxd5 26. Qxe7 Nxe7 27. Nxe5 Rd8
28. Rfd1 Rd4 29. Kf2 Rfd8 30. Be2 Rxd1 31. Rxd1 Rxd1 32. Bxd1 f5 33. exf5 Nxf5
34. Nd3 c4 35. Nxb4 a5 36. Nc2 Bc6 37. g4 Nd6 38. Nd4 Bd5 39. Ke3 Nb7 40. Nb5
Nc5 41. Nd6 Be6 42. Bc2 Nb3 43. g5 Kf8 44. h4 Ke7 45. Nb5 Bg8 46. f4 Nc5 47.
Nd4 Kd6 48. f5 gxf5 49. Nxf5+ Ke5 50. Ne7 Be6 51. Nc6+ Kd5 52. Nxa5 Bg8 53. Nb7
Na6 54. Be4+ Ke5 55. a5 Nb4 56. Nc5 Kd6 57. Kd4 Nc6+ 58. Bxc6 Kxc6 59. Ne4 Kb5
60. a6 Kxa6 61. Nf6 Bf7 62. Nxh7 Kb5 63. Nf6 Kb4 64. h5 Kb3 65. g6 Be6 66. h6
Kxb2 67. h7 c3 68. h8=Q c2 69. Qb8+ Bb3 70. Qh2 Kb1 71. Qg1+ c1=Q 72. Qxc1+
Kxc1 73. Nd5 Bc2 74. g7 1-0

[Event "N�-LL 2006/07"]
[Site "?"]
[Date "2007.04.22"]
[Round "11"]
[White "Kostic, Vladimir"]
[Black "Denk, Adolf"]
[Result "1-0"]
[WhiteElo "2433"]
[BlackElo "2293"]
[Annotator "P�chlarn : St.P�lten"]
[PlyCount "69"]
[EventDate "2007.05.18"]
[SourceDate "2007.05.18"]

1. e4 c5 2. Nf3 d6 3. d4 cxd4 4. Nxd4 Nf6 5. Nc3 a6 6. Be2 e5 7. Nf3 Be7 8. O-O
O-O 9. h3 Qc7 10. a4 b6 11. Bg5 Nbd7 12. Re1 Bb7 13. Bf1 Rac8 14. Nd2 Rfe8 15.
Nc4 h6 16. Bxf6 Nxf6 17. Bd3 Bf8 18. Ne3 g6 19. Qe2 Ra8 20. Qf3 Qe7 21. Bc4 Ra7
22. Ra3 Rb8 23. Ncd5 Bxd5 24. Bxd5 h5 25. Rd3 b5 26. axb5 axb5 27. Red1 Ra4 28.
Bb3 Rxe4 29. Nd5 Nxd5 30. Qxe4 Nf4 31. Rxd6 Qg5 32. Rd7 Nxh3+ 33. Kf1 Nf4 34.
Rxf7 Kh8 35. Rdd7 1-0

[Event "N�-LL 2006/07"]
[Site "?"]
[Date "2007.04.22"]
[Round "11"]
[White "Loidl, Florian"]
[Black "Wallner, Erich"]
[Result "1/2-1/2"]
[WhiteElo "2233"]
[BlackElo "2155"]
[Annotator "P�chlarn : St.P�lten"]
[PlyCount "113"]
[EventDate "2007.05.18"]
[SourceDate "2007.05.18"]

1. e4 c6 2. d4 d5 3. e5 Bf5 4. Bd3 Bxd3 5. Qxd3 e6 6. Be3 Qb6 7. Qb3 Nd7 8. Nd2
Ne7 9. Ne2 Qa6 10. f4 Nf5 11. Bf2 h5 12. Ng3 Nh4 13. Rg1 Be7 14. Ne2 g6 15.
Bxh4 Bxh4+ 16. g3 Be7 17. Nf3 c5 18. c3 cxd4 19. cxd4 Rc8 20. Kf2 O-O 21. Rac1
Nb6 22. g4 Rxc1 23. Rxc1 hxg4 24. Ng5 Rc8 25. Rxc8+ Nxc8 26. Qc2 Qc6 27. Qxc6
bxc6 28. Kg3 Bxg5 29. fxg5 Kf8 30. Kxg4 Ne7 31. Ng3 a5 32. h4 Ke8 33. h5 gxh5+
34. Kxh5 Ng6 35. Ne2 c5 36. dxc5 Nxe5 37. b3 Kd7 38. Nd4 Nc6 39. Nb5 e5 40. Kg4
Ne7 41. Nd6 Ke6 42. a3 f6 43. gxf6 Kxf6 44. Nb7 Nc6 45. Nd6 Ke6 46. Nb5 d4 47.
Nc7+ Kd7 48. Nd5 Na7 49. Kf5 Kc6 50. Kxe5 Kxc5 51. Nf4 Nc6+ 52. Ke4 a4 53. Nd3+
Kb5 54. b4 Kc4 55. b5 Kxb5 56. Kd5 Na5 57. Kxd4 1/2-1/2